| 000 | 01274nam a22001577a 4500 | ||
|---|---|---|---|
| 999 |
_c524184 _d524184 |
||
| 008 | 231104b ||||| |||| 00| 0 eng d | ||
| 100 |
_aJess, Smith, J. and Sarah, Keenan, S. _945658 |
||
| 245 | _aRegistering the everyday: Documents, bureaucracy, and the socio-legal | ||
| 260 | _aSocial and Legal Studies | ||
| 300 | _a32(5), Oct, 2023: p.659-665 | ||
| 520 | _aThe special section that follows examines registration as a technology of governance regulating the everyday. The introduction illustrates the motivation for the special section, which was an interest in the changing shape of registration over time, as the COVID-19 pandemic saw registration come to the forefront of public life, calling for a re-examination of the ways in which registration produces populations and affects lives. We conclude by outlining the contributions and key themes of the special section. – Reproduced https://journals.sagepub.com/doi/full/10.1177/09646639231190904 | ||
| 650 |
_aRegistration ,Technology of governance, Everyday regulation, Changing shape of registration COVID-19 pandemic Public life Re-examination, Population production, Affects lives, Contributions, Key themes _945659 |
||
| 773 | _aSocial and Legal Studies | ||
| 906 | _aREGISTRATION | ||
| 942 | _cAR | ||